[Event "Roncana op-B 10th"]
[Site "Santa Eulalia de Roncana"]
[Date "2016.10.01"]
[Round "2"]
[White "Garcia Encinas, Jan"]
[Black "Aguilera Malagon, Paulino"]
[Result "1-0"]
[WhiteElo "1222"]
[BlackElo "1541"]
[PlyCount "55"]
[EventDate "2016.09.24"]
[EventType "swiss"]
[EventRounds "8"]
[EventCountry "ESP"]
[SourceTitle "EXT 2018"]
[Source "ChessBase"]
[SourceDate "2017.10.13"]
[SourceVersion "1"]
[SourceVersionDate "2017.10.13"]
[SourceQuality "1"]

1. d4 d5 2. c4 Nf6 3. Nc3 e6 4. Nf3 Be7 5. Bf4 a6 6. e3 0-0 7. Be2 Nbd7 8. 0-0 b6 9. cxd5 exd5 10. Bd3 c5 11. Bc2 Bb7 12. Ne5 b5 13. Re1 Rc8 14. Qf3 Qb6 15. Qh3 Rcd8 16. Qg3 Qe6 17. Rad1 c4 18. Nxd7 Rxd7 19. Be5 Ne8 20. Ne2 Bf6 21. Nf4 Qc6 22. Bf5 Rd8 23. e4 Bxe5 24. dxe5 g6 25. exd5 Qc5 26. e6 Nf6 27. e7 Nh5 28. Nxh5 1-0

[Event "Roncana op-B 9th"]
[Site "Santa Eulalia de Roncana"]
[Date "2015.10.31"]
[Round "4"]
[White "Lopez Martinez, Angel1111"]
[Black "Aguilera Malagon, Paulino"]
[Result "1-0"]
[WhiteElo "1835"]
[BlackElo "1736"]
[PlyCount "55"]
[EventDate "2015.10.03"]
[EventType "swiss"]
[EventRounds "8"]
[EventCountry "ESP"]
[SourceTitle "EXT 2017"]
[Source "ChessBase"]
[SourceDate "2016.10.25"]
[SourceVersion "1"]
[SourceVersionDate "2016.10.25"]
[SourceQuality "1"]

1. e4 c5 2. Nf3 Nc6 3. d4 cxd4 4. Nxd4 Nf6 5. Nc3 a6 6. Be3 d6 7. Be2 e5 8. Nb3 Be7 9. Qd2 Be6 10. 0-0-0 b5 11. g4 h6 12. h4 Nxg4 13. Bxg4 Bxg4 14. Rdg1 h5 15. Bg5 f6 16. Be3 0-0 17. Qd5+ Kh8 18. Qxc6 Rc8 19. Qxa6 d5 20. Nxd5 Ra8 21. Qxb5 Rxa2 22. Nxe7 Qxe7 23. Bc5 Ra1+ 24. Nxa1 Qe6 25. Bxf8 Qa2 26. Nb3 Qa8 27. Qb4 Qa7 28. Qe7 1-0

[Event "Roncana op-B 8th"]
[Site "Santa Eulalia de Roncana"]
[Date "2014.10.11"]
[Round "1"]
[White "Parra Ordorica, Gorka"]
[Black "Aguilera Malagon, Paulino"]
[Result "0-1"]
[WhiteElo "1861"]
[BlackElo "1738"]
[PlyCount "88"]
[EventDate "2014.10.11"]
[EventType "swiss"]
[EventRounds "8"]
[EventCountry "ESP"]
[SourceTitle "EXT 2016"]
[Source "ChessBase"]
[SourceDate "2015.10.08"]
[SourceVersion "1"]
[SourceVersionDate "2015.10.08"]
[SourceQuality "1"]

1. e4 c5 2. Nf3 Nc6 3. Nc3 e6 4. Bb5 Nce7 5. Be2 a6 6. d3 Nc6 7. Be3 d6 8. Qd2 Be7 9. 0-0 Nf6 10. Rfd1 b5 11. a3 0-0 12. b3 Bb7 13. d4 cxd4 14. Nxd4 Ne5 15. f3 Rc8 16. Na2 d5 17. exd5 Nxd5 18. Bf1 Bxa3 19. Ne2 Qe8 20. Bf2 Qe7 21. Ng3 Bc5 22. Rac1 Bxf2+ 23. Qxf2 Ng6 24. c4 Nf6 25. cxb5 Rxc1 26. Rxc1 axb5 27. Bxb5 Bd5 28. Ba4 Nf4 29. Qe3 e5 30. Re1 Qa3 31. Nc1 Ng6 32. Qd3 Nf4 33. Qc3 Ng6 34. Nd3 Be6 35. Nxe5 Nd5 36. Qd3 Ngf4 37. Qb5 Nc3 38. Qa5 Qb2 39. Ne2 Ncxe2+ 40. Kf1 Nd4 41. Re4 Qxg2+ 42. Ke1 Nxf3+ 43. Nxf3 Qxf3 44. Qb4 Nd3+ 0-1